| 000 | 01457cab a2200313 4500 | ||
|---|---|---|---|
| 001 | ABS49178 | ||
| 008 | 090401t1993 xxu||||| |||| 00| 0 eng d | ||
| 035 | _a(Sirsi) u70266 | ||
| 041 | _aeng | ||
| 100 | _aWestbrook, A.J. | ||
| 245 | _aTenant default: is the worst yet to come? | ||
| 260 | _c1993 | ||
| 350 | _a0 | ||
| 490 |
_aProperty Management _v11(3) Summer 1993, 199-206(8) |
||
| 520 | _aActs as a guide for a landlord`s surveyor during the increasingly fraught area of dealing with tenants who are in default. It considers the remedies available to landlords and whether forfeiture is still applicable in today`s market, especially after the Billson case; what landlord`s surveyors can do when the tenant has not paid the rent; how to pursue original tenants, subsequent assignees and sureties; enforcing positive trading covenants in shopping centres; the practical consequences of the differences between liquidation, receivership and administration; and how to help prevent future problems of tenant default. References | ||
| 650 | _aBAILIFFS | ||
| 650 | _aBANKRUPTCY | ||
| 650 | _aBILLSON AND OTHERS V RESIDENTIAL APARTMENTS LTD | ||
| 650 | _aBREACH OF CONDITION | ||
| 650 | _aBREACH OF COVENANT | ||
| 650 | _aFORFEITURE | ||
| 650 | _aLIQUIDATION | ||
| 650 | _aPOSITIVE TRADING COVENANT | ||
| 650 | _aRECEIVERSHIP | ||
| 650 | _aRENT ARREARS | ||
| 690 |
_aLandlord and tenant _96252 |
||
| 942 | _n0 | ||
| 948 | _c04/03/1997 | ||
| 999 |
_c44189 _d44189 |
||